|
|
|
|
| LEADER |
00000nlm0a2200000 4500 |
| 001 |
318456 |
| 005 |
20231102003058.0 |
| 035 |
|
|
|a (RuTPU)RU\TPU\book\343954
|
| 035 |
|
|
|a RU\TPU\book\343949
|
| 090 |
|
|
|a 318456
|
| 100 |
|
|
|a 20160427j20151201k y0rusy50 ca
|
| 101 |
0 |
|
|a rus
|
| 102 |
|
|
|a RU
|
| 105 |
|
|
|a a m 001zy
|
| 135 |
|
|
|a drcn ---uucaa
|
| 181 |
|
0 |
|a i
|
| 182 |
|
0 |
|a b
|
| 200 |
1 |
|
|a Разработка динамического метода и средства контроля механических параметров асинхронных электрических двигателей
|b Электронный ресурс
|e диссертация на соискание ученой степени кандидата технических наук
|e спец. 05.11.13
|f В. Н. Белогусев
|g Поволожский государственный технологический университет ; науч. рук. А. В. Егоров
|
| 203 |
|
|
|a Текст
|c электронный
|
| 210 |
|
|
|a Томск
|a Йошкар-Ола
|c [Б. и.]
|d 2015
|
| 215 |
|
|
|a 1 файл (3.89 Mb)
|
| 230 |
|
|
|a Электронные текстовые данные (1 файл : 3.89 Mb)
|
| 300 |
|
|
|a Заглавие с титульного экрана
|
| 300 |
|
|
|a Электронная версия печатной публикации
|
| 452 |
|
1 |
|0 (RuTPU)RU\TPU\book\336919
|t Разработка динамического метода и средства контроля механических параметров асинхронных электрических двигателей
|o диссертация на соискание ученой степени кандидата технических наук
|o спец. 05.11.13
|f В. Н. Белогусев
|g Поволжский государственный технологический университет (ПГТУ) ; Национальный исследовательский Томский политехнический университет (ТПУ) ; науч. рук. А. В. Егоров
|c Томск
|c Йошкар-Ола
|d 2015
|p 157 л.
|a Белогусев, Владимир Николаевич
|
| 606 |
1 |
|
|a Электрические двигатели, асинхронные
|2 stltpush
|3 (RuTPU)RU\TPU\subj\26924
|9 50755
|
| 610 |
1 |
|
|a диссертации
|
| 610 |
1 |
|
|a электронный ресурс
|
| 610 |
1 |
|
|a труды учёных ТПУ
|
| 610 |
1 |
|
|a динамические методы
|
| 610 |
1 |
|
|a средства контроля
|
| 610 |
1 |
|
|a механические параметры
|
| 610 |
1 |
|
|a электрические двигатели
|
| 610 |
1 |
|
|a асинхронные двигатели
|
| 610 |
1 |
|
|a асинхронные электродвигатели
|
| 610 |
1 |
|
|a аппаратно-программные комплексы
|
| 610 |
1 |
|
|a механические параметры
|
| 610 |
1 |
|
|a вращающие моменты
|
| 675 |
|
|
|a 621.313.333(04)
|v 3
|
| 686 |
|
|
|a 05.11.13
|2 oksvnk
|
| 700 |
|
1 |
|a Белогусев
|b В. Н.
|g Владимир Николаевич
|
| 702 |
|
1 |
|a Егоров
|b А. В.
|c специалист в области неразрушающего контроля
|c заведующий лабораторией Томского политехнического университета, кандидат технических наук
|g Алексей Васильевич
|2 stltpush
|3 (RuTPU)RU\TPU\pers\35127
|4 727
|
| 712 |
0 |
2 |
|a Поволжский государственный технологический университет (ПГТУ)
|c (Йошкар-Ола)
|c (2012- )
|2 stltpush
|3 (RuTPU)RU\TPU\col\18477
|
| 712 |
0 |
2 |
|a Национальный исследовательский Томский политехнический университет (ТПУ)
|b Институт неразрушающего контроля (ИНК)
|b Кафедра физических методов и приборов контроля качества (ФМПК)
|h 68
|2 stltpush
|3 (RuTPU)RU\TPU\col\18709
|
| 801 |
|
2 |
|a RU
|b 63413507
|c 20160705
|g RCR
|
| 856 |
4 |
|
|u http://earchive.tpu.ru/handle/11683/30584
|
| 942 |
|
|
|c CF
|